[Event "Mauricie ch"]
[Site "Shawinigan"]
[Date "1976.04.03"]
[Round "3"]
[White "Gelinas, Renaud"]
[Black "Morneau, Maurice"]
[Result "1/2-1/2"]
[WhiteElo "1545"]
[BlackElo "1324"]
[PlyCount "93"]
[EventDate "1976.04.03"]
[EventType "swiss"]
[EventRounds "5"]
[EventCountry "CAN"]
[SourceTitle "EXT 2022"]
[Source "ChessBase"]
[SourceDate "2021.10.06"]
[SourceVersion "1"]
[SourceVersionDate "2021.10.06"]
[SourceQuality "1"]

1. e4 c6 2. d4 d5 3. Nc3 dxe4 4. Nxe4 Nd7 5. Nf3 Ngf6 6. Bd3 e6 7. Bg5 Be7 8. 0-0 0-0 9. Re1 Nd5 10. Bxe7 Qxe7 11. c3 N7f6 12. Ne5 Nf4 13. Bc2 Ng6 14. Nxg6 fxg6 15. Ng5 Bd7 16. c4 Rad8 17. Qe2 Nh5 18. Nxh7 Nf4 19. Qg4 Kxh7 20. Re5 Qf7 21. Rf1 Rh8 22. g3 Rdf8 23. gxf4 Qxf4 24. Rh5+ Kg8 25. Rxh8+ Kxh8 26. Qxg6 Kg8 27. Qe4 Rf6 28. Qxf4 Rxf4 29. Rd1 Be8 30. Rd2 Bh5 31. Bd1 Bg6 32. Kg2 Kf7 33. Kg3 Rf6 34. f4 Be4 35. Bf3 Bxf3 36. Kxf3 g5 37. Rf2 Rxf4+ 38. Ke3 Rxf2 39. Kxf2 Kf6 40. Kf3 b5 41. b3 b4 42. Ke4 a6 43. h3 a5 44. c5 Kf7 45. Kf3 Kf6 46. Kg4 Kg6 47. Kf3 1/2-1/2